The teaching of Jesus. (Record no. 5024)

000 -LEADER
fixed length control field 00652nam a2200205 a 4500
001 - CONTROL NUMBER
control field :::00002765$&:&@@
003 - CONTROL NUMBER IDENTIFIER
control field OkBaRHE
005 - DATE AND TIME OF LATEST TRANSACTION
control field 20100401122113.0
008 - FIXED-LENGTH DATA ELEMENTS--GENERAL INFORMATION
fixed length control field s1983 j 000 0 eng u
020 ## - INTERNATIONAL STANDARD BOOK NUMBER
International Standard Book Number 0877849269 (pbk.)
040 ## - CATALOGING SOURCE
Transcribing agency
100 1# - MAIN ENTRY--PERSONAL NAME
Personal name Anderson, J. N. D. (James Norman Dalrymple), 1908-
245 14 - TITLE STATEMENT
Title The teaching of Jesus.
260 ## - PUBLICATION, DISTRIBUTION, ETC. (IMPRINT)
Place of publication, distribution, etc Downers Grove, IL., :
Name of publisher, distributor, etc InterVarsity Press
Date of publication, distribution, etc 1983
300 ## - PHYSICAL DESCRIPTION
Extent 219 p. ;
Dimensions 21 cm.
490 0# - SERIES STATEMENT
Series statement The Jesus library
650 ## - SUBJECT ADDED ENTRY--TOPICAL TERM
Topical term or geographic name as entry element Jesus Christ
General subdivision Teachings
942 ## - ADDED ENTRY ELEMENTS (KOHA)
Source of classification or shelving scheme
Koha item type Books
Copies
Withdrawn status Lost status Permanent Location Koha item type Full call number Copy number Date last seen Shelving location Source of classification or shelving scheme Date acquired Not for loan Damaged status Price effective from Barcode
  RHEMA Bible Training CollegeBooksBS 2415 .A48 198312018-03-16General Stacks 2010-04-14  2010-04-142765